| 000 | 00335nam a22001337a 4500 | ||
|---|---|---|---|
| 008 | 171102b xxu||||| |||| 00| 0 eng d | ||
| 020 | _a0631153810 | ||
| 041 | _aeng | ||
| 080 | _a530.14 | ||
| 100 | _a59 | ||
| 101 | _aKAP | ||
| 245 |
_aMEAN-VARIANCE ANALYSIS IN PORTFOLIO CHOICE AND CAPITAL MARKETS _cMARKOWITZ,H.M |
||
| 942 |
_2udc _cBK |
||
| 999 |
_c37203 _d37203 |
||